| 000 | 00897nam a22002057a 4500 | ||
|---|---|---|---|
| 003 | 0 | ||
| 005 | 20250206173957.0 | ||
| 008 | 250206b xxu||||| |||| 00| 0 eng d | ||
| 050 |
_aLB 1044.87 _b.P73 2023 |
||
| 100 | _aPradillada, Jancel U. | ||
| 245 |
_aDevelopment of a LIP training records management system for Taylor Center of Southville International School and Colleges _cJancel U. Pradillada |
||
| 260 |
_aLas Pinas City _bSouthville International School and Colleges _c2023 |
||
| 300 |
_axiii, 202 pages: _bcolored pictures and illustration; _c28cm. |
||
| 500 | _aBachelor of Science in Information Technology. | ||
| 504 | _aIncludes bibliographical references and appendices. | ||
| 650 | _aRecords management — Systems development. | ||
| 650 | _a LIP training — Records management. | ||
| 650 | _aEducational institutions — Technology in records management. | ||
| 942 |
_2lcc _cTH |
||
| 999 |
_c367151 _d367151 |
||